Inhaler - It Won't Always Be Like This Lyrics - Statistics

General Stats
  • This quiz has been taken 23 times
  • The average score is 210 of 236
Answer Stats
Answer % Correct
a
100%
A-
100%
always
100%
Always
100%
baby
100%
be
100%
do
100%
do?
100%
down
100%
I
100%
I'm
100%
like
100%
like,
100%
oh,
100%
Oh,
100%
Oh
100%
record,
100%
spin
100%
this
100%
this,
100%
to
100%
up
100%
upside
100%
when
100%
won't
100%
you
100%
You
100%
you?
100%
can
90%
covers
90%
dead,
90%
dead
90%
don't
90%
else
90%
Girl
90%
head
90%
head,
90%
it
90%
It
90%
know
90%
love
90%
me
90%
my
90%
Play
90%
play
90%
pull
90%
the
90%
turn
90%
want
90%
what
90%
ain't
80%
and
80%
And
80%
around
80%
around,
80%
I'll
80%
in
80%
just
80%
not
80%
now
80%
Now
80%
right
80%
your
80%
bruised
70%
honey
70%
honey,
70%
it's
70%
nothing
70%
on
70%
over
70%
'round
70%
say
70%
that
70%
wanna
70%
you're
70%
You're
70%
beggar
60%
broken
60%
cool
60%
found
60%
well,
60%
with
60%
about
50%
after
50%
at
50%
best
50%
circles
50%
walking
40%
Bedlam
30%
ah
20%
No matching quizzes found
Score Distribution
Percent of People with Each Score
Percentile by Number Answered
Your Score History
You have not taken this quiz